Optimización del uso del concreto lanzado en proyectos hidroeléctricos

Guardat en:
Dades bibliogràfiques
Autor principal: Valverde Fernández, Jeffry
Format: Llibre
Publicat: [San José, Costa Rica] 2003
Matèries:
Etiquetes: Afegir etiqueta
Sense etiquetes, Sigues el primer a etiquetar aquest registre!

MARC

LEADER 00000nam a2200000Ia 4500
003 009174
005 20221231144147.0
008 140114s2003 cr a m 000 ||s d
040 |c cru CEDI  
090 |a TFG 4715 
100 |a Valverde Fernández, Jeffry   |9 6969 
245 |a Optimización del uso del concreto lanzado en proyectos hidroeléctricos  
260 |c 2003  |a  [San José, Costa Rica] 
300 |a  xiii, 129 hojas : ilustraciones a color  
500 |a Tesis (licenciatura en ingeniería civil)--Universidad de Costa Rica. Facultad de Ingeniería. Escuela de Ingeniería Civil 
650 |x INSTITUTO COSTARRICENSE DE ELECTRICIDAD. PROYECTO HIDROELECTRICO PIRRIS   |x INSTITUTO COSTARRICENSE DE ELECTRICIDAD. PROYECTO HIDROELECTRICO CARIBLANCO   |x ENERGIA HIDRAULICA   |x COSTA RICA   |x  INVESTIGACIONES   |x GUNITA  |9 6970 
942 |c TFG 
999 |c 17766  |d 17766